| 000 | 00998cad a22002055a 4500 | ||
|---|---|---|---|
| 001 | L138904 | ||
| 008 | 070718s2007 xxkd f 000 0 eng d | ||
| 035 | _a(Sirsi) u138904 | ||
| 041 | 0 | _aeng | |
| 050 | 0 | 4 | _a332.6324 $2 18 |
| 110 | 2 |
_aJones Lang LaSalle _93755 |
|
| 245 | 0 | 4 |
_aThe search for value _bwhere next for UK yields? _h[electronic resource] |
| 260 |
_aLondon _bJLL _c2007 |
||
| 520 | _aReviews the current level of yields across the UK property sectors. Considers the macroeconomic factors that have affected yield pricing in the last few years and assesses the economic outlook. Explains the context surrounding the current level of yields, and points out various trends to consider when pricing or forecasting yields in today?s market. | ||
| 590 | _aKA | ||
| 651 | 4 |
_aUnited Kingdom _y |
|
| 690 | _aPROPERTY-COMMERCIAL PROPERTY-COMMERCIAL PROPERTY MARKET | ||
| 856 | 4 | 0 |
_uhttps://www.joneslanglasalle.com _zView the report free of charge at www.joneslanglasalle.com... |
| 942 | _n0 | ||
| 999 |
_c107267 _d107267 |
||